Terra-cotta figurines in Patna Museum. (Record no. 77799)

MARC details
000 -LEADER
fixed length control field 00512cam a22001931 4500
001 - CONTROL NUMBER
control field sa 68001210
003 - CONTROL NUMBER IDENTIFIER
control field DLC
005 - DATE AND TIME OF LATEST TRANSACTION
control field 20260227112431.0
008 - FIXED-LENGTH DATA ELEMENTS--GENERAL INFORMATION
fixed length control field 710903s1961 ii a c 000 0 eng
010 ## - LIBRARY OF CONGRESS CONTROL NUMBER
LC control number sa 68001210
040 ## - CATALOGING SOURCE
Original cataloging agency DLC
Transcribing agency DLC
Modifying agency DLC
043 ## - GEOGRAPHIC AREA CODE
Geographic area code a-ii---
050 00 - LIBRARY OF CONGRESS CALL NUMBER
Classification number NB27.P45
Item number A65
110 2# - MAIN ENTRY--CORPORATE NAME
Corporate name or jurisdiction name as entry element Patna Museum.
245 10 - TITLE STATEMENT
Title Terra-cotta figurines in Patna Museum.
260 ## - PUBLICATION, DISTRIBUTION, ETC.
Place of publication, distribution, etc. [Patna,
Date of publication, distribution, etc. 1961]
300 ## - PHYSICAL DESCRIPTION
Extent [81] p. (chiefly illus.)
Dimensions 25 cm.
650 #0 - SUBJECT ADDED ENTRY--TOPICAL TERM
Topical term or geographic name entry element Terra-cotta sculpture
Geographic subdivision Patna
General subdivision Catalogs.

No items available.

Powered by Koha